[Event "Oakville Invitational"]
[Site "Oskville CAN"]
[Date "2020.02.20"]
[Round "2.1"]
[White "Hua, Eugene"]
[Black "Liang, Jason"]
[Result "1-0"]
[WhiteElo "2298"]
[BlackElo "2353"]
[PlyCount "131"]
[EventDate "2020.02.19"]
[EventType "tourn"]
[EventRounds "9"]
[EventCountry "CAN"]

1. d4 d5 2. Nf3 Nf6 3. e3 c6 4. h3 g6 5. Nbd2 Bg7 6. c4 O-O 7. b4 a5 8. b5 cxb5
9. cxb5 a4 10. Ba3 Nbd7 11. Be2 Re8 12. O-O Nb6 13. Rc1 Be6 14. Ne5 Ne4 15. Nd3
Nxd2 16. Qxd2 Nc4 17. Qb4 Bc8 18. Rfd1 e5 19. Rxc4 dxc4 20. Nxe5 Bxe5 21. dxe5
Qa5 22. Bxc4 Qxb4 23. Bxb4 Be6 24. Bxe6 Rxe6 25. Bd6 f6 26. f4 fxe5 27. Bxe5
Rb6 28. Rd5 Kf7 29. Bd4 Re6 30. Kf2 Rc8 31. Kf3 Rc2 32. a3 b6 33. Rd7+ Re7 34.
Rd6 Re6 35. Rd7+ Re7 36. Rd6 Rb7 37. Be5 Rc5 38. Rd4 Ra7 39. Rb4 Ra5 40. Rd4
Rcxb5 41. Rd7+ Ke6 42. Rxh7 Rb3 43. Rh6 Rxa3 44. Rxg6+ Kd5 45. h4 Rb3 46. h5
Ra7 47. h6 Rh7 48. g4 a3 49. g5 Rb1 50. Rg7 Rh8 51. Ra7 Rc8 52. h7 Rh1 53. h8=Q
Rhxh8 54. Bxh8 Rxh8 55. Rxa3 b5 56. Rd3+ Kc4 57. Rd7 Rb8 58. g6 b4 59. g7 b3
60. Rb7 Rg8 61. f5 Kc3 62. f6 b2 63. Rxb2 Kxb2 64. f7 Rxg7 65. f8=Q Rg1 66. Ke4
1-0

[Event "Oakville Invitational"]
[Site "Oskville CAN"]
[Date "2020.02.20"]
[Round "2.3"]
[White "Migot, Tangi"]
[Black "Zhou, Liran"]
[Result "0-1"]
[WhiteElo "2384"]
[BlackElo "2307"]
[PlyCount "144"]
[EventDate "2020.02.19"]
[EventType "tourn"]
[EventRounds "9"]
[EventCountry "CAN"]

1. e4 c5 2. Nf3 d6 3. Bb5+ Nd7 4. Ba4 Ngf6 5. O-O a6 6. c4 g6 7. Nc3 Bg7 8. d3
O-O 9. h3 Rb8 10. Bg5 Ne5 11. Nh2 Nc6 12. Bxc6 bxc6 13. Qd2 Re8 14. Rab1 e5 15.
Bh6 Nh5 16. Ne2 d5 17. Bxg7 Kxg7 18. cxd5 cxd5 19. Qc3 Nf6 20. Ng3 dxe4 21.
Nxe4 Nxe4 22. dxe4 Qd4 23. Nf3 Qxe4 24. b3 Qb4 25. Rbc1 Rb5 26. Qa1 f6 27. Rc4
Qa5 28. Rfc1 Be6 29. R4c3 Qb6 30. Nd2 Bd5 31. Nc4 Bxc4 32. Rxc4 Rd8 33. Qc3 Rd5
34. h4 Qd6 35. Qf3 f5 36. h5 Rd3 37. Qe2 Rd2 38. Qe3 Rd1+ 39. Kh2 e4+ 40. g3
Rd3 41. Qg5 h6 42. Qxg6+ Qxg6 43. hxg6 Rd2 44. Kg1 Rxa2 45. Rxc5 Rxc5 46. Rxc5
Kxg6 47. b4 Kg5 48. Rc3 Kg4 49. Kg2 h5 50. Rc8 h4 51. Rg8+ Kh5 52. Rh8+ Kg5 53.
gxh4+ Kf4 54. Re8 Kg4 55. h5 Kxh5 56. Kg3 Ra3+ 57. Kg2 Kg4 58. Re7 Ra2 59. Rg7+
Kf4 60. Rg3 Ke5 61. Rb3 f4 62. b5 axb5 63. Rxb5+ Kd4 64. Kf1 f3 65. Rb1 Kc3 66.
Kg1 Rb2 67. Rd1 Kc2 68. Rd8 Rb1+ 69. Kh2 e3 70. Kg3 e2 71. Rc8+ Kd3 72. Rd8+
Kc4 0-1

[Event "Oakville Invitational"]
[Site "Oskville CAN"]
[Date "2020.02.20"]
[Round "3.1"]
[White "Lund, Silas"]
[Black "Hua, Eugene"]
[Result "1/2-1/2"]
[WhiteElo "2340"]
[BlackElo "2298"]
[PlyCount "51"]
[EventDate "2020.02.19"]
[EventType "tourn"]
[EventRounds "9"]
[EventCountry "CAN"]

1. d4 Nf6 2. c4 e6 3. Nc3 Bb4 4. e3 O-O 5. Bd3 d5 6. Nf3 c5 7. O-O cxd4 8. exd4
dxc4 9. Bxc4 b6 10. Qe2 Bb7 11. Rd1 Bxc3 12. bxc3 Qc7 13. Ne5 Nbd7 14. Nxd7
Qxd7 15. Bb2 Rac8 16. f3 Nd5 17. Bb5 Bc6 18. Ba6 Rc7 19. Rac1 Ba4 20. Re1 b5
21. c4 bxc4 22. Bxc4 Rfc8 23. Bxd5 Rxc1 24. Rxc1 Rxc1+ 25. Bxc1 Qxd5 26. Be3
1/2-1/2

[Event "Oakville Invitational"]
[Site "Oskville CAN"]
[Date "2020.02.20"]
[Round "3.5"]
[White "Liang, Jason"]
[Black "Posthuma, Joshua"]
[Result "1/2-1/2"]
[WhiteElo "2353"]
[BlackElo "2353"]
[PlyCount "332"]
[EventDate "2020.02.19"]
[EventType "tourn"]
[EventRounds "9"]
[EventCountry "CAN"]

1. d4 Nf6 2. Bf4 c5 3. d5 b5 4. c4 g6 5. cxb5 a6 6. bxa6 Bxa6 7. Nc3 Bg7 8. e3
Bxf1 9. Kxf1 Qb6 10. Bxb8 Qxb2 11. Be5 Ne4 12. Nxe4 Qxe5 13. Rc1 Qxe4 14. Rxc5
O-O 15. Qc2 Qe5 16. Nf3 Qa1+ 17. Qc1 Qxa2 18. g3 d6 19. Rc4 Rfb8 20. Kg2 Rb2
21. Rf1 Bf6 22. e4 Kg7 23. h3 Ra3 24. Rc8 Qb3 25. Qf4 Raa2 26. Nh2 h5 27. Nf3
Qb6 28. Ne1 Be5 29. Qf3 Rb3 30. Nd3 Raa3 31. Nxe5 Rxf3 32. Nxf3 f6 33. Rfc1 Ra2
34. R8c2 Rxc2 35. Rxc2 Qb4 36. Re2 Qc4 37. Re1 Kf8 38. Nh4 Kf7 39. g4 hxg4 40.
hxg4 Qc8 41. Kf3 Qc3+ 42. Re3 Qc1 43. Kg2 Qd1 44. Kg3 Qg1+ 45. Ng2 Qb1 46. Nh4
Kg7 47. Ng2 Qa1 48. Nf4 Qe5 49. Kf3 Kf7 50. Ne2 Qh2 51. Ng3 Qg1 52. Re2 e6 53.
dxe6+ Kxe6 54. Rd2 Qc1 55. Rd5 Qc3+ 56. Kg2 Qc4 57. Kf3 Qc1 58. Rd3 Qb1 59. Rd5
Qb3+ 60. Kg2 Kd7 61. Rd2 Qc4 62. Rd5 Kc6 63. Kf3 Qc1 64. Rd3 Qa1 65. Rd5 Qg1
66. Rd2 Qb1 67. Rd5 Qc2 68. Ne2 Kd7 69. Ng3 Ke6 70. Ne2 Ke7 71. Ng3 Qc8 72. Rd3
Qh8 73. Rd1 Ke6 74. Rd5 Qh6 75. Rd1 Ke7 76. Rd3 Qf8 77. Kg2 Qa8 78. Kf3 Ke6 79.
Rd5 Qa1 80. Kg2 Qb1 81. Kf3 Qc1 82. Rd3 Kd7 83. Rd5 Kc6 84. Rd3 Kc5 85. Rd5+
Kc4 86. Kg2 Qf4 87. f3 Kb4 88. Kf2 Qh6 89. Ne2 Kc4 90. Kg2 Qe3 91. Ng3 Qa3 92.
Nf1 Qa6 93. Ne3+ Kc3 94. Nd1+ Kb3 95. Kf2 Qa2+ 96. Kg3 Qa7 97. Nf2 Kc4 98. Kg2
Qb8 99. Nd1 Qf8 100. Ne3+ Kc3 101. Nd1+ Kb3 102. Nf2 Qe7 103. Kg3 Qg7 104. Rxd6
Qc7 105. e5 fxe5 106. Ne4 Qc1 107. Kg2 Qc2+ 108. Rd2 Qc7 109. Rd7 Qc2+ 110. Kg3
Qc1 111. Rb7+ Ka3 112. Kg2 Qc2+ 113. Nf2 Qd2 114. Rb6 g5 115. Rf6 Kb4 116. Rf5
Kc5 117. Rxe5+ Kc6 118. Rf5 Kd7 119. Kg3 Qe1 120. Rd5+ Ke6 121. Rd1 Qe5+ 122.
Kg2 Qe2 123. Rb1 Kf7 124. Rb4 Kg6 125. Re4 Qc2 126. Re6+ Kf7 127. Re5 Kg6 128.
Re1 Kf6 129. Kf1 Qc4+ 130. Re2 Kg6 131. Ne4 Qd3 132. Kf2 Qd4+ 133. Kg2 Qd3 134.
Rd2 Qe3 135. Rd6+ Kf7 136. Rf6+ Kg7 137. Kf1 Qc1+ 138. Ke2 Qc2+ 139. Ke3 Qb3+
140. Kd4 Qb2+ 141. Kd5 Qb5+ 142. Kd6 Qb8+ 143. Kd7 Qb7+ 144. Ke6 Qb3+ 145. Ke5
Qb5+ 146. Kd4 Qb2+ 147. Kd3 Qb3+ 148. Ke2 Qc2+ 149. Ke3 Qb3+ 150. Kf2 Qb2+ 151.
Kg3 Qe5+ 152. Kg2 Qb2+ 153. Kh3 Qa1 154. Kg2 Qb2+ 155. Kg1 Qd4+ 156. Kf1 Qd3+
157. Kg1 Qe3+ 158. Kg2 Qe2+ 159. Kg3 Qe1+ 160. Kh2 Qxe4 161. fxe4 Kxf6 162. Kg3
Ke5 163. Kf3 Kd4 164. e5 Kxe5 165. Ke3 Kd5 166. Kd3 Ke5 1/2-1/2

[Event "Oakville Invitational"]
[Site "Oskville CAN"]
[Date "2020.02.21"]
[Round "4.1"]
[White "Hua, Eugene"]
[Black "Posthuma, Joshua"]
[Result "1/2-1/2"]
[WhiteElo "2298"]
[BlackElo "2353"]
[PlyCount "142"]
[EventDate "2020.02.19"]
[EventType "tourn"]
[EventRounds "9"]
[EventCountry "CAN"]

1. e4 c6 2. d4 d5 3. e5 c5 4. Nf3 Nc6 5. c4 cxd4 6. Nxd4 e6 7. Nc3 Bc5 8. Nxc6
bxc6 9. cxd5 exd5 10. Bd3 Qh4 11. O-O Ne7 12. Qc2 Bb6 13. b3 O-O 14. Ba3 Re8
15. Na4 Bd7 16. Bc5 Bc7 17. Bd6 Bxd6 18. exd6 Nc8 19. Nc5 Qd8 20. Bxh7+ Kh8 21.
Rac1 Nxd6 22. Nxd7 Qxd7 23. Qxc6 Qxc6 24. Rxc6 Kxh7 25. Rxd6 Re2 26. a4 Rd2 27.
g3 Rb8 28. Rb1 Rb7 29. a5 Rc7 30. a6 d4 31. b4 Rcc2 32. Rf1 Ra2 33. b5 Rdb2 34.
Rxd4 Rxb5 35. Rd7 Kg6 36. Rxa7 Rba5 37. Kg2 Rxa6 38. Rb7 Ra1 39. Rxa1 Rxa1 40.
Rb6+ Kh7 41. h4 g6 42. g4 Kg7 43. Rb7 Ra3 44. f3 Rc3 45. Kg3 Rc4 46. Re7 Kf6
47. Re4 Rc5 48. Ra4 Rc1 49. Kf4 Rh1 50. Ra6+ Kg7 51. Kg5 Rc1 52. Kf4 Rc4+ 53.
Kg3 Rb4 54. Rc6 Ra4 55. Rc3 Ra1 56. Rc2 Ra3 57. Rh2 Rb3 58. h5 gxh5 59. Rxh5
Kg6 60. Rd5 Ra3 61. Rd2 Rb3 62. Rf2 f5 63. Rc2 fxg4 64. Kxg4 Rb4+ 65. f4 Rb5
66. Rc6+ Kf7 67. f5 Rb1 68. Rc7+ Kf6 69. Rc6+ Kf7 70. Rc7+ Kf6 71. Rc6+ Ke5
1/2-1/2

[Event "Oakville Invitational"]
[Site "Oskville CAN"]
[Date "2020.02.21"]
[Round "4.2"]
[White "Migot, Tangi"]
[Black "Liang, Jason"]
[Result "1/2-1/2"]
[WhiteElo "2384"]
[BlackElo "2353"]
[PlyCount "69"]
[EventDate "2020.02.19"]
[EventType "tourn"]
[EventRounds "9"]
[EventCountry "CAN"]

1. e4 e5 2. Nf3 Nc6 3. Bb5 Nf6 4. O-O Bc5 5. Bxc6 dxc6 6. Qe1 O-O 7. h3 Re8 8.
d3 Nd7 9. Nbd2 Qf6 10. Nc4 Nf8 11. Kh2 Ng6 12. b4 Bf8 13. Bg5 Qe6 14. Be3 f6
15. a3 b6 16. Qc3 Bd7 17. Rae1 Rad8 18. Kh1 Qf7 19. Ng1 Be6 20. Ne2 Ra8 21. Rd1
a5 22. Ra1 Ra6 23. Rfb1 axb4 24. axb4 Rea8 25. Rxa6 Rxa6 26. Nd2 Qd7 27. f4
exf4 28. Nxf4 Nxf4 29. Bxf4 c5 30. bxc5 Bxc5 31. Nb3 Bd6 32. Bxd6 Qxd6 33. Nd4
Ra3 34. Qb2 Ra5 35. Nxe6 1/2-1/2

[Event "Oakville Invitational"]
[Site "Oskville CAN"]
[Date "2020.02.21"]
[Round "4.5"]
[White "Lund, Silas"]
[Black "Clyde, Jordan"]
[Result "1-0"]
[WhiteElo "2340"]
[BlackElo "2165"]
[PlyCount "45"]
[EventDate "2020.02.19"]
[EventType "tourn"]
[EventRounds "9"]
[EventCountry "CAN"]

1. d4 f5 2. g3 Nf6 3. Bg2 e6 4. c4 Be7 5. Nf3 O-O 6. O-O d6 7. b3 Nbd7 8. Bb2
Ne4 9. Qc2 Qe8 10. Ne1 Qg6 11. Nd3 Bg5 12. e3 Qh6 13. Nd2 Nxd2 14. Qxd2 Re8 15.
Rae1 Bf6 16. f4 g6 17. e4 fxe4 18. Rxe4 Nf8 19. g4 g5 20. f5 Be7 21. fxe6 Bxe6
22. d5 Bd7 23. Qf2 1-0

[Event "Oakville Invitational"]
[Site "Oskville CAN"]
[Date "2020.02.21"]
[Round "5.1"]
[White "Posthuma, Joshua"]
[Black "Migot, Tangi"]
[Result "1/2-1/2"]
[WhiteElo "2353"]
[BlackElo "2384"]
[PlyCount "63"]
[EventDate "2020.02.19"]
[EventType "tourn"]
[EventRounds "9"]
[EventCountry "CAN"]

1. d4 Nf6 2. c4 e6 3. g3 d5 4. Bg2 dxc4 5. Nf3 Bd7 6. Ne5 Bc6 7. Nxc6 Nxc6 8.
e3 Qd7 9. Qe2 e5 10. O-O Rd8 11. Nc3 Be7 12. Qxc4 exd4 13. exd4 Nxd4 14. Bxb7
c6 15. Rd1 Qxb7 16. Rxd4 Rxd4 17. Qxd4 O-O 18. Be3 a6 19. b3 Rd8 20. Qb6 Qc8
21. Rc1 h5 22. Bg5 Nd7 23. Qe3 Bxg5 24. Qxg5 Nf6 25. Rd1 Rxd1+ 26. Nxd1 Qd7 27.
Ne3 Qd2 28. Qf5 Qxa2 29. Qc8+ Kh7 30. Qf5+ Kg8 31. Qc8+ Kh7 32. Qf5+ 1/2-1/2

[Event "Oakville Invitational"]
[Site "Oskville CAN"]
[Date "2020.02.21"]
[Round "5.4"]
[White "Clyde, Jordan"]
[Black "Hua, Eugene"]
[Result "0-1"]
[WhiteElo "2165"]
[BlackElo "2298"]
[PlyCount "90"]
[EventDate "2020.02.19"]
[EventType "tourn"]
[EventRounds "9"]
[EventCountry "CAN"]

1. Nf3 c5 2. g3 Nc6 3. Bg2 e5 4. e4 g6 5. d3 Bg7 6. Be3 d6 7. Qc1 h6 8. O-O
Nge7 9. Nc3 Be6 10. a3 Qd7 11. b4 Nd4 12. Bd2 Bh3 13. Nxd4 cxd4 14. Ne2 Bxg2
15. Kxg2 d5 16. f3 f5 17. c3 dxe4 18. fxe4 fxe4 19. dxe4 Qg4 20. Qe1 Qxe4+ 21.
Kg1 d3 22. Nc1 Qxe1 23. Rxe1 O-O-O 24. Nb3 b6 25. Nd4 exd4 26. Rxe7 Rd7 27. Re4
dxc3 28. Rc4+ Rc7 29. Rxc7+ Kxc7 30. Bxc3 Bxc3 31. Rc1 Rd8 32. Rxc3+ Kb7 33.
Rc1 Ka6 34. a4 Rd4 35. Rd1 Rxb4 36. Rxd3 Rxa4 37. h3 h5 38. Kf2 g5 39. Rd7 b5
40. Rd6+ Ka5 41. Rd5 Ra2+ 42. Kf3 Ra3+ 43. Kf2 h4 44. g4 Rxh3 45. Rxg5 Rg3 0-1

[Event "Oakville Invitational"]
[Site "Oskville CAN"]
[Date "2020.02.21"]
[Round "5.5"]
[White "Zhou, Liran"]
[Black "Lund, Silas"]
[Result "1-0"]
[WhiteElo "2307"]
[BlackElo "2340"]
[PlyCount "97"]
[EventDate "2020.02.19"]
[EventType "tourn"]
[EventRounds "9"]
[EventCountry "CAN"]

1. e4 e5 2. Nf3 Nc6 3. Bb5 Nf6 4. d3 Bc5 5. c3 O-O 6. O-O d6 7. Nbd2 h6 8. Re1
Ng4 9. Re2 f5 10. h3 Nf6 11. Qb3+ Kh7 12. exf5 Bxf5 13. Nh4 Nh5 14. Nxf5 Nf4
15. d4 Rxf5 16. dxc5 Qg5 17. f3 Raf8 18. Kf1 d5 19. Qc2 Qg3 20. Bd3 Nxe2 21.
Bxf5+ Kh8 22. Ne4 dxe4 23. Bxe4 Nf4 24. Qf2 Qxf2+ 25. Kxf2 Rd8 26. Be3 Na5 27.
b3 b6 28. cxb6 axb6 29. h4 Rd6 30. g3 Nh5 31. Bc2 Nf6 32. Rd1 Rxd1 33. Bxd1 Kg8
34. Bc2 Kf7 35. g4 Ke6 36. g5 hxg5 37. hxg5 Nd5 38. Bd2 c5 39. Be4 c4 40. b4
Nb7 41. a4 Nd6 42. Bb1 Nb7 43. Kg3 Nd6 44. Kg4 Nc7 45. Kh5 Kf7 46. Bg6+ Ke7 47.
Be4 Kf7 48. Be3 Nxe4 49. g6+ 1-0

[Event "Oakville Invitational"]
[Site "Oskville CAN"]
[Date "2020.02.22"]
[Round "6.1"]
[White "Hua, Eugene"]
[Black "Migot, Tangi"]
[Result "1-0"]
[WhiteElo "2298"]
[BlackElo "2384"]
[PlyCount "53"]
[EventDate "2020.02.19"]
[EventType "tourn"]
[EventRounds "9"]
[EventCountry "CAN"]

1. e4 c5 2. Nf3 d6 3. d4 Nf6 4. Nc3 cxd4 5. Nxd4 Nc6 6. Bg5 e6 7. Qd2 a6 8.
O-O-O Bd7 9. f3 Nxd4 10. Qxd4 b5 11. g4 h5 12. gxh5 Rxh5 13. f4 Be7 14. Be2 Rh3
15. e5 Bc6 16. Bxf6 gxf6 17. Rhg1 Rxh2 18. exd6 Bf8 19. Ne4 Rh6 20. Rg8 Bd5 21.
Bf3 Rc8 22. Nc3 Qxd6 23. Nxd5 exd5 24. Re1+ Kd8 25. Rxf8+ Qxf8 26. Qxd5+ Kc7
27. Qc6+ 1-0

[Event "Oakville Invitational"]
[Site "Oskville CAN"]
[Date "2020.02.22"]
[Round "6.5"]
[White "Clyde, Jordan"]
[Black "Zhou, Liran"]
[Result "0-1"]
[WhiteElo "2165"]
[BlackElo "2307"]
[PlyCount "154"]
[EventDate "2020.02.19"]
[EventType "tourn"]
[EventRounds "9"]
[EventCountry "CAN"]

1. e4 c5 2. Nf3 d6 3. Bb5+ Nd7 4. O-O a6 5. Bd3 Ngf6 6. Re1 g6 7. a4 b6 8. Bc4
Bb7 9. Nc3 Bg7 10. d3 O-O 11. h3 e6 12. Bg5 Qc7 13. Qe2 d5 14. Ba2 d4 15. Nb1
e5 16. Nh4 b5 17. Nd2 Kh8 18. Rf1 Nh5 19. Nf5 f6 20. Bh6 Bxh6 21. Nxh6 Nf4 22.
Qg4 Bc8 23. Qf3 Kg7 24. Ng4 Nb6 25. a5 Na4 26. Bb3 Nxb2 27. Rfb1 c4 28. Rxb2 c3
29. Rbb1 cxd2 30. g3 Nxh3+ 31. Kg2 Ng5 32. Qe2 Qd7 33. Nh2 Qh3+ 34. Kg1 h5 35.
Qf1 Bg4 36. Qxh3 Nxh3+ 37. Kg2 d1=Q 38. Rxd1 Bxd1 39. Kxh3 Bg4+ 40. Nxg4 hxg4+
41. Kxg4 f5+ 42. exf5 Rxf5 43. Re1 Kf6 44. f4 Re8 45. Re4 Rd8 46. Re1 Rd6 47.
Rf1 exf4 48. gxf4 Rc6 49. Rh1 Rh5 50. Re1 Rhc5 51. Re8 b4 52. Rb8 Rxa5 53. Rb7
g5 54. Rxb4 Rd6 55. Rb7 gxf4 56. Kxf4 Rc5 57. Rb4 a5 58. Ra4 Rf5+ 59. Ke4 Kg5
60. Ra1 Kf6 61. Rh1 Re5+ 62. Kf4 Rc5 63. Rh6+ Ke7 64. Rxd6 Kxd6 65. Ke4 a4 66.
Bxa4 Rh5 67. Bb3 Kc5 68. Kf4 Rh1 69. Kf3 Re1 70. Kf2 Re5 71. Kf3 Kb4 72. Kf2
Kc3 73. Kf3 Re3+ 74. Kf4 Re2 75. Kf3 Rxc2 76. Bc4 Rd2 77. Ke4 Re2+ 0-1

[Event "Oakville Invitational"]
[Site "Oskville CAN"]
[Date "2020.02.22"]
[Round "7.1"]
[White "Zhou, Liran"]
[Black "Hua, Eugene"]
[Result "1/2-1/2"]
[WhiteElo "2307"]
[BlackElo "2298"]
[PlyCount "57"]
[EventDate "2020.02.19"]
[EventType "tourn"]
[EventRounds "9"]
[EventCountry "CAN"]

1. e4 c5 2. Nf3 e6 3. d4 cxd4 4. Nxd4 Nc6 5. Nc3 Qc7 6. g3 a6 7. Bg2 d6 8. O-O
Bd7 9. Nxc6 Bxc6 10. a4 Nf6 11. Be3 Be7 12. f4 O-O 13. a5 Nd7 14. Bd4 Bf6 15.
Bxf6 Nxf6 16. Qd4 Rad8 17. Qb4 d5 18. e5 d4 19. Bxc6 Qxc6 20. exf6 dxc3 21.
fxg7 Kxg7 22. Qxc3+ Qxc3 23. bxc3 Rc8 24. Ra3 Rfd8 25. Rb3 Rd5 26. Rxb7 Rxc3
27. Rf2 Rxa5 28. Ra7 Rac5 29. Rxa6 1/2-1/2

[Event "Oakville Invitational"]
[Site "Oskville CAN"]
[Date "2020.02.22"]
[Round "7.3"]
[White "Liang, Jason"]
[Black "Lund, Silas"]
[Result "1-0"]
[WhiteElo "2353"]
[BlackElo "2340"]
[PlyCount "75"]
[EventDate "2020.02.19"]
[EventType "tourn"]
[EventRounds "9"]
[EventCountry "CAN"]

1. e4 e5 2. Nf3 Nc6 3. Bb5 Nf6 4. d3 Bc5 5. c3 O-O 6. O-O d6 7. Nbd2 a6 8. Ba4
Ba7 9. h3 Ne7 10. Re1 Ng6 11. Nf1 h6 12. Ng3 b5 13. Bc2 c6 14. d4 Qc7 15. Be3
Re8 16. Qd2 Kh7 17. Rad1 Be6 18. Nf5 Bxf5 19. exf5 Nf8 20. dxe5 dxe5 21. Qd6
Bb8 22. Qxc7 Bxc7 23. Bb3 Kg8 24. c4 N8d7 25. Re2 e4 26. Nd4 Nc5 27. cxb5 cxb5
28. Nc2 Nd3 29. Ne1 Ne5 30. Kf1 Ba5 31. Rc2 Rad8 32. Rxd8 Rxd8 33. Ke2 Nd3 34.
Bd2 Bb6 35. Rc6 Bxf2 36. Nxd3 Rxd3 37. Rc8+ Kh7 38. Bxf7 1-0

[Event "Oakville Invitational"]
[Site "Oskville CAN"]
[Date "2020.02.23"]
[Round "8.3"]
[White "Lund, Silas"]
[Black "Posthuma, Joshua"]
[Result "0-1"]
[WhiteElo "2340"]
[BlackElo "2353"]
[PlyCount "74"]
[EventDate "2020.02.19"]
[EventType "tourn"]
[EventRounds "9"]
[EventCountry "CAN"]

1. d4 Nf6 2. c4 c5 3. d5 b5 4. cxb5 a6 5. bxa6 g6 6. Nc3 Bg7 7. e4 O-O 8. Nf3
Qa5 9. Bd3 Nxd5 10. exd5 Bxc3+ 11. Bd2 Bxd2+ 12. Qxd2 Qxd2+ 13. Kxd2 d6 14. a4
Nxa6 15. Bc4 Nc7 16. Kc3 Bb7 17. Rhd1 Rfb8 18. b3 Ra5 19. Rd3 Kf8 20. Re1 Na8
21. Ng5 Nb6 22. Nxh7+ Kg7 23. Ng5 Nxc4 24. bxc4 Rxa4 25. Rxe7 Ra3+ 26. Kc2 Ra2+
27. Kc1 Bc8 28. Rxf7+ Kg8 29. Rf4 Bf5 30. Ne4 Rb4 31. Rc3 Re2 32. Rxf5 gxf5 33.
Nxd6 Rxf2 34. Rg3+ Kf8 35. h4 Rbb2 36. Nxf5 Rbc2+ 37. Kb1 Rce2 0-1

[Event "Oakville Invitational"]
[Site "Oskville CAN"]
[Date "2020.02.23"]
[Round "8.4"]
[White "Clyde, Jordan"]
[Black "Liang, Jason"]
[Result "0-1"]
[WhiteElo "2165"]
[BlackElo "2353"]
[PlyCount "92"]
[EventDate "2020.02.19"]
[EventType "tourn"]
[EventRounds "9"]
[EventCountry "CAN"]

1. e4 c6 2. d4 d5 3. exd5 cxd5 4. Bd3 Nc6 5. c3 Nf6 6. h3 g6 7. Nf3 Bf5 8. Na3
Bxd3 9. Qxd3 Bg7 10. Nc2 Qd6 11. O-O O-O 12. Re1 Nd7 13. Ne3 e6 14. Ng4 Rfe8
15. Nh6+ Bxh6 16. Bxh6 f6 17. Rad1 Nb6 18. Qb5 Ne7 19. g3 Kf7 20. Bf4 Qd7 21.
Qd3 Nc4 22. Re2 Nc6 23. Rde1 Re7 24. h4 Kg8 25. Nh2 Rf8 26. Ng4 e5 27. dxe5
Qxg4 28. exf6 Rxe2 29. Rxe2 Qf5 30. Qxf5 gxf5 31. b3 Nb6 32. Bg5 Kf7 33. b4 Re8
34. Rd2 Ne5 35. Kg2 Ng4 36. a4 Rd8 37. Rd4 Nc4 38. f3 Nxf6 39. Rf4 Nd6 40. Rd4
Nde8 41. c4 b6 42. a5 Rd7 43. axb6 axb6 44. cxd5 Rxd5 45. Rc4 b5 46. Rf4 Nh5
0-1

[Event "Oakville Invitational"]
[Site "Oskville CAN"]
[Date "2020.02.23"]
[Round "9.2"]
[White "Liang, Jason"]
[Black "Zhou, Liran"]
[Result "1/2-1/2"]
[WhiteElo "2353"]
[BlackElo "2307"]
[PlyCount "45"]
[EventDate "2020.02.19"]
[EventType "tourn"]
[EventRounds "9"]
[EventCountry "CAN"]

1. d4 Nf6 2. Bf4 e6 3. e3 c5 4. Nf3 Nc6 5. c3 b6 6. Nbd2 Bb7 7. Nc4 cxd4 8.
Nxd4 Ba6 9. Qa4 Nxd4 10. cxd4 Bxc4 11. Bxc4 a6 12. Be2 b5 13. Qd1 Bb4+ 14. Kf1
O-O 15. h3 Qb6 16. Bd3 Nd5 17. Bh2 f5 18. Be2 Rac8 19. Bf3 Nf6 20. Rc1 Ne4 21.
Bxe4 fxe4 22. Ke2 Rc4 23. b3 1/2-1/2

[Event "Oakville Invitational"]
[Site "Oskville CAN"]
[Date "2020.02.23"]
[Round "9.4"]
[White "Migot, Tangi"]
[Black "Lund, Silas"]
[Result "0-1"]
[WhiteElo "2384"]
[BlackElo "2340"]
[PlyCount "52"]
[EventDate "2020.02.19"]
[EventType "tourn"]
[EventRounds "9"]
[EventCountry "CAN"]

1. e4 e5 2. Nf3 Nc6 3. Bb5 Nf6 4. O-O Nxe4 5. d4 Nd6 6. dxe5 Nxb5 7. a4 Nbd4 8.
Nxd4 d5 9. Nxc6 bxc6 10. Nd2 Be7 11. Nb3 c5 12. Na5 Qd7 13. f4 g6 14. f5 gxf5
15. e6 Qxe6 16. Re1 Qd6 17. Qf3 Be6 18. Bf4 Qa6 19. c4 O-O-O 20. cxd5 Rxd5 21.
Nb3 Rhd8 22. Rad1 c4 23. Rxd5 Rxd5 24. Nd2 Bb4 25. Qe2 Qb6+ 26. Be3 Rxd2 0-1

[Event "Oakville Winter op"]
[Site "Oakville CAN"]
[Date "2020.02.21"]
[Round "1.1"]
[White "Demchenko, Kyrylo"]
[Black "Ghasi, Ameet"]
[Result "0-1"]
[WhiteElo "2158"]
[BlackElo "2541"]
[PlyCount "90"]
[EventDate "2020.02.21"]
[EventType "swiss"]
[EventRounds "5"]
[EventCountry "CAN"]

1. e4 d6 2. d4 Nf6 3. Nc3 g6 4. Nf3 Bg7 5. Bc4 O-O 6. O-O Bg4 7. h3 Bxf3 8.
Qxf3 Nc6 9. Be3 e5 10. dxe5 Nxe5 11. Qe2 Re8 12. Bb3 Ned7 13. Qc4 Re7 14. Rad1
Nb6 15. Qd3 Qe8 16. f3 Nfd7 17. Nd5 Nxd5 18. Qxd5 Qc8 19. Bd4 Bxd4+ 20. Qxd4 a5
21. a3 Nc5 22. Qf6 Qf8 23. Bd5 a4 24. h4 Rd7 25. h5 Qg7 26. Qxg7+ Kxg7 27. hxg6
hxg6 28. Rd4 Re7 29. Rfd1 Kf6 30. Kf2 Re5 31. Rh1 Kg7 32. f4 Re7 33. Kf3 Rae8
34. Re1 f5 35. e5 dxe5 36. fxe5 Rxe5 37. Rxe5 Rxe5 38. b4 axb3 39. cxb3 c6 40.
b4 Rxd5 41. Rxd5 cxd5 42. bxc5 Kf6 43. a4 Ke6 44. Kf4 d4 45. Kf3 Kd5 0-1

[Event "Oakville Winter op"]
[Site "Oakville CAN"]
[Date "2020.02.23"]
[Round "4.1"]
[White "Sapozhnikov, Roman"]
[Black "Tang, Kaiqi"]
[Result "0-1"]
[WhiteElo "2338"]
[BlackElo "2462"]
[PlyCount "112"]
[EventDate "2020.02.21"]
[EventType "swiss"]
[EventRounds "5"]
[EventCountry "CAN"]

1. e4 e5 2. Nf3 Nc6 3. Bb5 a6 4. Ba4 Nf6 5. O-O Be7 6. d3 b5 7. Bb3 d6 8. a3
O-O 9. Nc3 Be6 10. Bxe6 fxe6 11. b4 Qe8 12. Ng5 Bd8 13. f4 exf4 14. Bxf4 h6 15.
Nh3 Nh5 16. Qg4 Bf6 17. Bd2 Ne5 18. Qd1 Qg6 19. Ne2 Ng4 20. c3 Be5 21. Nhf4
Nxf4 22. Nxf4 Bxf4 23. Bxf4 Rf7 24. Qd2 Raf8 25. h3 e5 26. Be3 Rxf1+ 27. Rxf1
Rxf1+ 28. Kxf1 Qf7+ 29. Kg1 Nf6 30. Qc2 c6 31. a4 d5 32. axb5 axb5 33. exd5
cxd5 34. Qa2 Qg6 35. Qc2 Qf5 36. Qb1 e4 37. dxe4 dxe4 38. Qf1 Qxf1+ 39. Kxf1
Nd5 40. Bd4 Kf7 41. Ke2 h5 42. h4 g6 43. Kd2 Ke6 44. Kc2 Ne7 45. Kd2 Nf5 46.
Bf2 Kd5 47. Ke2 Kc4 48. Be1 Kb3 49. Kd2 Kb2 50. g3 Kb3 51. Kd1 e3 52. Kc1 Kc4
53. Kb2 Kd3 54. c4 Kxc4 55. Kc2 Nd4+ 56. Kd1 Kd3 0-1

[Event "Ontario-ch U20"]
[Site "Mississauga CAN"]
[Date "2020.01.18"]
[Round "1.3"]
[White "Sharma, Vishruth"]
[Black "Liu, Henry"]
[Result "1-0"]
[WhiteElo "1836"]
[BlackElo "1955"]
[PlyCount "71"]
[EventDate "2020.01.18"]
[EventType "swiss"]
[EventRounds "5"]
[EventCountry "CAN"]

1. e4 e6 2. d4 d5 3. Nc3 Nf6 4. e5 Nfd7 5. f4 c5 6. Nf3 Nc6 7. Be3 b6 8. Be2
Be7 9. O-O O-O 10. Bb5 Bb7 11. Ne2 a6 12. Bxc6 Bxc6 13. c3 b5 14. g4 f5 15.
gxf5 Rxf5 16. Ng3 Rf8 17. Nd2 g6 18. Qg4 cxd4 19. Qxe6+ Rf7 20. cxd4 Rc8 21.
Qg4 Kh8 22. Rac1 Nf8 23. Nb3 Bd7 24. Qf3 Bc6 25. Nc5 Bxc5 26. Rxc5 Ne6 27. Rc2
Qf8 28. Rfc1 Nxf4 29. Bxf4 Rxf4 30. Qe3 Rf3 31. Qe2 Bd7 32. Rxc8 Bxc8 33. e6
Bxe6 34. Qxe6 Qf4 35. Rc8+ Kg7 36. Nh5+ 1-0

[Event "Ontario-ch U20"]
[Site "Mississauga CAN"]
[Date "2020.01.18"]
[Round "1.4"]
[White "Selva, Kathik"]
[Black "Huang, Richard"]
[Result "1/2-1/2"]
[WhiteElo "1948"]
[BlackElo "1834"]
[PlyCount "97"]
[EventDate "2020.01.18"]
[EventType "swiss"]
[EventRounds "5"]
[EventCountry "CAN"]

1. d4 d5 2. Bf4 Nf6 3. Nf3 e6 4. e3 Be7 5. Bd3 Nbd7 6. Nbd2 b6 7. c3 Bb7 8. O-O
O-O 9. Ne5 c5 10. Ndf3 Nxe5 11. Nxe5 Bd6 12. Bg5 Re8 13. Bb5 Re7 14. Ng4 Rc7
15. Nxf6+ gxf6 16. Bh6 f5 17. Qf3 Qh4 18. Bf4 Bxf4 19. exf4 Qf6 20. Rfd1 Rac8
21. h3 Kh8 22. a4 a6 23. Bf1 Qg7 24. Qe3 c4 25. Rab1 Bc6 26. Ra1 Bd7 27. Rdb1
b5 28. axb5 Bxb5 29. Ra3 Qf8 30. Be2 Qd6 31. Rd1 Rc6 32. Bh5 R6c7 33. Qe5+ Qxe5
34. fxe5 Kg7 35. f4 Rb7 36. g4 fxg4 37. hxg4 Rcb8 38. f5 Kh6 39. fxe6 fxe6 40.
Rf1 Be8 41. Bxe8 Rxe8 42. Rf2 Kg5 43. Rxa6 Kxg4 44. Ra1 Reb8 45. Rb1 Rb3 46.
Kh2 Kh5 47. Kg2 Kg4 48. Kh2 Kh5 49. Kg2 1/2-1/2